Vaveyla / (Record no. 15270)

MARC details
000 -BAŞLIK
Sabit Uzunlukta Kontrol Alanı 00773nam a22002417a 4500
999 ## - SİSTEM KONTROL NUMARALARI (KOHA)
Koha Biblionumber 15270
Koha Biblioitemnumber 15270
003 - KONTROL NUMARASI IDENTIFIER
Denetim Alanı MIRAKIL
005 - SON İŞLEM TARİHİ VE ZAMANI
Denetim Alanı 20240206095349.0
008 - SABİT-BOY VERİ ELEMANLARI - GENEL BİLGİLER
Sabit Uzunlukta Kontrol Alanı 240206b tu ||||| |||| 00| 0 tur d
020 ## - ULUSLARARASI STANDART KİTAP NUMARASI
Uluslararası Standart Kitap Numarası 9786257681247
040 ## - KATALOGLAMA KAYNAK
Orijinal Kataloglama Ajansı TR-AnCHP
Metne Dönüştürmek Ajansı TR-AnCHP
041 ## - DİL KODU
Metin / Ses Parça Veya Ayrı Başlığın Dil Kodu Türkçe
082 ## - DEWEY ONLU SINIFLANDIRMA NUMARASI
Sınıflandırma Numarası 305.4
Ürün Numarası A87V 2021
090 ## - SINIFLAMA NUMARASI
Sınıflama Numarası 305.4 A87V 2021
100 ## - ANA GİRİŞ - KİŞİSEL İSİM
Kişisel Ad Avşar, Gülhan
245 10 - BAŞLIK TABLOSU
Başlık Vaveyla /
Başlığın Kalan Yolu kadın sığınmaevinden geçenlerin öyküsü
Sorumluluk Tablosu, Vb Gülhan Avşar ; editör : Vural Akboğa
250 ## - EDITION TABLOSU
Baskı Beyanı 1. bs.
260 ## - YAYIN, DAĞITIM, VB
Yayın, Dağıtım, Vb Yeri Ankara
Yayıncı, Dağıtıcı, Vs Adı Gülnar Yayınları
Yayın, Dağıtım, Vb Tarihi 2021
300 ## - FİZİKSEL TANIM
Kapsam 178 s.
Boyutlar 21 cm.
500 ## - GENEL NOT
Genel Not Kaynakça var.<br/>
650 #0 - KONU KATMA GİRİŞ - TOPİKAL DÖNEM
9 (RLIN) 567
Topikal Süreli Veya Coğrafi Ad Giriş Elemanı Kadınlar
Genel Alt Bölümü ŞiddetTürkiye
856 ## - ELEKTRONİK YER VE ERİŞİM
Kamu Notu Dijital Nüshası için Partimizin Kütüphane Sorumlusu ile iletişime geçiniz.
942 ## - EKLENDİ GİRİŞ ELEMANLARI (KOHA)
Sınıflandırma Veya Raf Düzeni Kaynak Dewey Decimal Classification
Koha Öğesi Türü Books
Holdings
Kalıcı Konum Mevcut Konum Edinme Tarihi Toplam Check-Out'Lar Tam Çağrı Numarası Barkod Tarih Son Görülme İtibaren Geçerli Fiyatlar Koha Öğesi Türü
CHP Kütüphanesi CHP Kütüphanesi 02/06/2024   305.4 A87V 2021 20862 02/06/2024 02/06/2024 Books
CHP Kütüphanesi CHP Kütüphanesi 02/27/2024   305.4 A87V 2021 21159 02/27/2024 02/27/2024 Books
Parti Okulu Kütüphanesi Parti Okulu Kütüphanesi 02/27/2024   305.4 A87V 2021 21160 02/27/2024 02/27/2024 Books
Parti Okulu Kütüphanesi Parti Okulu Kütüphanesi 02/27/2024   305.4 A87V 2021 21161 02/27/2024 02/27/2024 Books